书目信息 |
| 题名: |
初等几何
|
|
| 作者: | ;北京教育学院师范教研室 著 | |
| 分册: | ||
| 出版信息: | 北京 北京出版社 1982 |
|
| 页数: | 278页 | |
| 开本: | 19cm | |
| 丛书名: | ||
| 单 册: | ||
| 中图分类: | O123 , G633.6 | |
| 科图分类: | ||
| 主题词: | 初等几何--高等师范教育--教材 , 教育--各级 | |
| 电子资源: | ||
| ISBN: | ||
| 000 | 00742nam0 2200265 45 | |
| 001 | 1557901409 | |
| 005 | 20150127160606.37 | |
| 010 | @dCNY0.60 | |
| 091 | @aCN@bK7071.791 | |
| 100 | @a19950525d1982 em y0chiy0121 ea | |
| 101 | 0 | @achi |
| 102 | @aCN@b110000 | |
| 105 | @ay z 000yy | |
| 200 | 10 | @a初等几何@Achu deng ji he@f北京教育学院师范教研室著 |
| 210 | @a北京@c北京出版社@d1982 | |
| 215 | @a278页@d19cm | |
| 300 | @a中等师范数学进修教材 | |
| 606 | @a初等几何@x高等师范教育@x教材 | |
| 606 | 0 | @a教育@x各级 |
| 690 | @aO123@v3 | |
| 690 | @aG633.6@v4 | |
| 711 | 02 | @a北京教育学院师范教研室@Abei jing jiao yu xue yuan shi fan jiao yan shi@4著 |
| 801 | 0 | @aCN@bTSSF@c20150127 |
| 801 | 2 | @aCN@bNLC |
| 905 | @aZUCC@dG633.6@eJY119 | |
| 初等几何/北京教育学院师范教研室著.-北京:北京出版社,1982 |
| 278页;19cm |
| 中等师范数学进修教材 |
| ISBN :CNY0.60 |
| ● |
| 相关链接 |
|
|
|
|
正题名:初等几何
索取号:G633.6/JY119
 
预约/预借
| 序号 | 登录号 | 条形码 | 馆藏地/架位号 | 状态 | 备注 |
| 1 | 7838224 | 278382242 | 学院路分馆/ [索取号:G633.6/JY119] | 在馆 |